Determinación de las posibles áreas vulnerables por el aumento del nivel medio del mar debido a los efectos del cambio climático en la zona terrestre comprendida entre el sector Rayo y Playa Nosara del Refugio Nacional Vida Silvestre Ostional , Guanacaste, Costa Rica
محفوظ في:
| المؤلف الرئيسي: | |
|---|---|
| مؤلفون آخرون: | , , , , , |
| التنسيق: | كتاب |
| اللغة: | Spanish |
| منشور في: |
San José, Costa Rica
2021
|
| الموضوعات: |
RADAR OPTICO
> SISTEMA GLOBAL DE POSICIONAMIENTO
> REFUGIO NACIONAL DE VIDA SILVESTRE OSTIONAL (COSTA RICA) - LEVANTAMIENTOS TOPOGRAFICOS
> NIVEL DEL MAR - PREDICCIONES - SIMULACIÓN POR COMPUTADORA - REFUGIO NACIONAL DE VIDA SILVESTRE OSTIONAL (COSTA RICA)
> CAMBIOS CLIMATICOS - PREDICCIONES - SIMULACIÓN POR COMPUTADORA - REFUGIO NACIONAL DE VIDA SILVESTRE OSTIONAL (COSTA RICA)
> FOTOTOPOGRAFIA
|
| الوسوم: |
إضافة وسم
لا توجد وسوم, كن أول من يضع وسما على هذه التسجيلة!
|
MARC
| LEADER | 00000nam a2200000Ia 4500 | ||
|---|---|---|---|
| 003 | 013265 | ||
| 005 | 20230111101317.0 | ||
| 008 | 140114s2021 cr a 000 ||spa d | ||
| 040 | |c cru CEDI | ||
| 100 | |a Arce Rodríguez, Verónica, 1993- |9 461 | ||
| 245 | |a Determinación de las posibles áreas vulnerables por el aumento del nivel medio del mar debido a los efectos del cambio climático en la zona terrestre comprendida entre el sector Rayo y Playa Nosara del Refugio Nacional Vida Silvestre Ostional , Guanacaste, Costa Rica | ||
| 260 | |a San José, Costa Rica |c 2021 | ||
| 500 | |a Seminario de graduación (licenciatura en ingeniería topográfica)--Universidad de Costa Rica. Facultad de Ingeniería. Escuela de Ingeniería Topográfica | ||
| 501 | |a Director de Seminario de Graduación: Ing. Andrés Montealegre Alfaro | ||
| 650 | |x RADAR OPTICO |x SISTEMA GLOBAL DE POSICIONAMIENTO |x REFUGIO NACIONAL DE VIDA SILVESTRE OSTIONAL (COSTA RICA) - LEVANTAMIENTOS TOPOGRAFICOS |x NIVEL DEL MAR - PREDICCIONES - SIMULACIÓN POR COMPUTADORA - REFUGIO NACIONAL DE VIDA SILVESTRE OSTIONAL (COSTA RICA) |x CAMBIOS CLIMATICOS - PREDICCIONES - SIMULACIÓN POR COMPUTADORA - REFUGIO NACIONAL DE VIDA SILVESTRE OSTIONAL (COSTA RICA) |x FOTOTOPOGRAFIA | ||
| 700 | |9 463 |a Carmona Chinchilla, Paola, 1990- | ||
| 700 | |9 464 |a Castillo Guerrero, Emerson, 1990- | ||
| 700 | |9 465 |a González Carvajal, Roger, 1992- | ||
| 700 | |9 466 |a Ruiz Fernández, Andrey, 1992- | ||
| 700 | |9 467 |a Vásquez Castro, Andreina, 1994- | ||
| 700 | |9 462 |a Montealegre Alfaro, Andrés, 1990- |d Director del TFG | ||
| 942 | |c TFG | ||
| 999 | |c 22111 |d 22111 | ||
